000 00718 a2200181 4500
003 Nust
005 20170207165240.0
040 _cNust
082 _a621.382
100 _aIqbal,Nadia (MSEE-17)
245 _aApplication of compressive sensing for efficient spectrum sensing and detection using cognitive radio
_cNadia Iqbal
260 _aRawalpindi
_bMCS,NUST
_cMarch-2014
300 _ax,84 ,p;
505 _aIntroduction (page-1) Literature review (page-7) Spectrum sensing using CR (page-14) Compressive sensing and detection of wideband spectrum using CR (page-34) Simulation and results (page-56) Conclusion and future workk (page-75)
538 _aAlmirah No,69 Shelf No,3
650 _aPG Thesis
651 _aMSEE-17
942 _cTHS
999 _c211165
_d211165